000 00484nam a22001337a 4500
020 _a0-88687-862-4
040 _cNUST
082 _a030,WOR
245 _aThe World Almaniac :
_band book of facts 2001 /
_cEditoror Willian A. Mc Geveran
260 _aNew Jersey
_bWRC
_c2001
300 _a1008 p.:
505 _aGeneral Index (Page-4), Feature Section (Page-33), The Year in Review (Page- Flags and Maps (Page-497), 2000 in Pictures (Continued) (Page-809).
942 _2ddc
_cBK
_m030,WOR
999 _c592592
_d592592